书目信息 |
| 题名: |
中国植物园
|
|
| 作者: | 张治明 主编 ;中国植物学会 编 | |
| 分册: | 第八期 | |
| 出版信息: | 北京 中国林业出版社 2005 |
|
| 页数: | 204页 | |
| 开本: | 26cm | |
| 丛书名: | ||
| 单 册: | ||
| 中图分类: | Q94-339 | |
| 科图分类: | ||
| 主题词: | 植物园--zhi wu yuan--中国--文集 , 植物园--zhi wu yuan | |
| 电子资源: | ||
| ISBN: | 7-5038-4018-8 | |
| 000 | 00977nam0 2200253 45 | |
| 001 | 003028049 | |
| 005 | 20061116103946.14 | |
| 010 | @a7-5038-4018-8@dCNY45.00 | |
| 100 | @a20050919d2005 kemy0chiy0110 ea | |
| 101 | 0 | @achi@eeng |
| 102 | @aCN@b110000 | |
| 105 | @aa y 000yy | |
| 200 | 1 | @a中国植物园@Azhong guo zhi wu yuan@h第八期@d= The botanical gardens of China@hNo.8@f张治明主编@g中国植物学会植物园分会编辑委员会编@zeng |
| 210 | @a北京@c中国林业出版社@d2005 | |
| 215 | @a204页@c图@d26cm | |
| 330 | @a本书收论文30余篇, 包括《植物园的功能定位研究》、《国家重点保护植物台湾杉引种研究》、《上海植物园园林规划的完善与充实》等内容。 | |
| 510 | 1 | @aBotanical gardens of China@hNo.8@zeng |
| 606 | 0 | @a植物园@Azhi wu yuan@y中国@j文集 |
| 606 | 0 | @a植物园@Azhi wu yuan |
| 690 | @aQ94-339@v4 | |
| 701 | 0 | @a张治明@Azhang zhi ming@4主编 |
| 712 | 02 | @a中国植物学会@Azhong guo zhi wu xue hui@b植物园分会@b编委会@4编 |
| 801 | 0 | @aCN@c20061116 |
| 905 | @a10447@dQ94-339@eZ254 | |
| 中国植物园.第八期= The botanical gardens of China.No.8/张治明主编/中国植物学会植物园分会编辑委员会编.-北京:中国林业出版社,2005 |
| 204页:图;26cm |
| ISBN 7-5038-4018-8:CNY45.00 |
| 本书收论文30余篇, 包括《植物园的功能定位研究》、《国家重点保护植物台湾杉引种研究》、《上海植物园园林规划的完善与充实》等内容。 |
| ● |
| 相关链接 |
|
|
|
正题名:中国植物园
索取号:Q94-339/Z254
 
预约/预借
| 序号 | 登录号 | 条形码 | 馆藏地/架位号 | 状态 | 备注 |
| 1 | 638560 | 206385605 | 自科库401/401自科库 34排3列2层/ [索取号:Q94-339/Z254] | 在馆 | |
| 2 | 638561 | 206385614 | 自科库401/401自科库 34排3列2层/ [索取号:Q94-339/Z254] | 在馆 | |
| 3 | 638562 | 206385623 | 自科库401/401自科库 34排3列2层/ [索取号:Q94-339/Z254] | 在馆 |